000 05955namaa22004211i 4500
003 OSt
005 20260328130656.0
008 250827s2025 ua a|||frm||| 000 0 eng d
040 _aEG-GICUC
_bara
_cEG-GICUC
_dEG-GICUC
_erda
041 0 _aara
_bara
_beng
049 _aإيداع
082 0 4 _a372.651
092 _a372.651
_221
097 _aدكتوراه‎
099 _aCai01.23.01.Ph.D.2025.مح.ب
100 0 _a،محمد عبد الفتاح جاد الرب وربي
_eإعداد.
245 1 0 _aبرنامج قائم على معايير نحو النص لتنمية مهارات الإبداع اللغوي في اللغة العربية لدى تلاميذ المرحلة الإعدادية /
_cإعداد محمد عبد الفتاح جاد الرب وربي؛ إشراف أ.د. صابر عبد المنعم محمد عبد النبي، أ.م. د. خلف عبد المعطي عبد الرحمن.
246 1 5 _aA program based on text grammar criteria to develop linguistic creativity skills in the arabic language among preparatory stage pupils /
264 0 _c2025.
300 _a421 صفحة :
_bإيضاحيات ؛
_c30 سم. +
_eCD.
336 _atext
_2rda content
337 _aUnmediated
_2rdamedia
338 _avolume
_2rdacarrier
502 _aأطروحة (دكتوراه)-جامعة القاهرة، 2025.
504 _aببليوجرافيا: صفحات 135-145.
520 _aهدف البحث إلى تنمية مهارات الإبداع اللغوي لدى تلاميذ المرحلة الإعدادية عن طريق إعداد برنامج قائم على معايير نحو النص لتنمية مهارات الإبداع اللغوي في اللغة العربية لدى تلاميذ المرحلة الإعدادية.ونظرًا لطبيعة هذا البحث فإن الباحث استخدم المنهجين الوصفي والتجريبي؛ لحاجة البحث إلى مراجعة البحوث والدارسات السابقة والأدبيات التربوية ذات الصلة بالإبداع اللغوي ومعايير نحو النص ؛ للتوصل إلى البرنامج القائم على معايير نحو النص واستنباط مهارات الإبداع اللغوي المناسبة لتلاميذ المرحلة الإعدادية، كما احتاج البحث إلى المنهج التجريبي لتطبيق البرنامج على مجموعة من تلاميذ الصف الثاني الإعدادي، وكذلك أدوات البحث ومواده التعليمية وهي: قائمة مهارات الإبداع اللغوي لتلاميذ الصف الثاني الإعدادي، واختبار مهارات الإبداع اللغوي لتلاميذ الصف الثاني الإعدادي، وبطاقة الملاحظة.وبعد الانتهاء من تدريس البرنامج وتطبيق الاختبار على مجموعتي البحث تطبيقًا قبليًا وبعديًا، وتحليل نتائج الاختبار؛ توصل الباحث إلى فاعلية البرنامج القائم على معايير نحو النص لتنمية مهارات الإبداع اللغوي في اللغة العربية لدى تلاميذ المرحلة الإعدادية. وفي ضوء هذه النتائج يوصي الباحث باستخدام معايير نحو النص في تدريس مهارات الإبداع اللغوي.
520 _aThe paper’s objective is to develop the Linguistic creativity skills for preparatory Stage Pupils by preparing a program Based on Text Grammar Criteria to develop the Linguistic creativity skills in Arabic language Among preparatory Stage Pupils. Due to the nature of this research, the researcher used the descriptive and experimental approaches because of the need to review previous studies, research and pedagogical literature related to Linguistic creativity and Text Grammar Criteria to develop the program Based on Text Grammar Criteria develop the Linguistic creativity skills in Arabic language Among preparatory Stage Pupils. The paper needed the experimental approach to apply the program to group from the preparatory Stage Pupils, Research tools and educational materials, They are: a list of linguistic creativity skills for students in the second year of middle school, a test of linguistic creativity skills for students in the second year of middle school, and an observation card. After the completion of the teaching of the program and the application of the test on both sets of research in both tribal and ad hoc applications, and analysis of the results of the test; the researcher reached the effectiveness of the program Based on Text Grammar Criteria to develop Linguistic creativity Skills in the Arabic Language Among Preparatory Stage Pupils.
530 _aصدر أيضًا كقرص مدمج.
546 _aالنص بالعربية والملخص باللغة الإنجليزية والعربية.
650 7 _aاللغة العربية
_2qrmak
_xطرق التدريس
653 0 _aبرنامج
_aاللغة العربية
_aمعايير نحو النص
700 0 _aصابر عبد المنعم محمد عبد النبي
_eمشرف أطروحة.
700 0 _aخلف عبد المعطي عبد الرحمن
_eمشرف أطروحة.
900 _b23-02-2025
_cصابر عبد المنعم محمد عبد النبي
_cخلف عبد المعطي عبد الرحمن
_dمصطفى رسلان شلبي
_dمحمد لطفي محمد جاد
_Uجامعة القاهرة
_Fكلية الدراسات العليا للتربية
_Dقسم مناهج وطرق تدريس اللغة العربية
905 _aSara
_eAfaf
942 _2ddc
_cTH
_e21
_n0
999 _c178950